Biblioteca y Centro de Documentación

El federalismo en Alemania (Registro nro. 46425)

Detalles MARC
000 -CABECERA
Longitud fija campo de control 01201naa a2200277 c 4500
001 - NÚMERO DE CONTROL
Número de control 46425
003 - IDENTIFICADOR DE NÚMERO DE CONTROL
Identificador del número de control ES-MaCES
005 - FECHA Y HORA DE LA ÚLTIMA TRANSACCIÓN
Fecha y hora de la última transacción 20150924122151.0
008 - CAMPO FIJO DE DESCRIPCIÓN FIJA--INFORMACIÓN GENERAL
Códigos de información de longitud fija   150924s2014 sp ||||| t||||||| ||spa d
040 ## - FUENTE DE CATALOGACIÓN
Centro catalogador de origen ES-MaCES
Lengua de catalogación spa
Centro transcriptor ES-MaCES
Centro modificado ES-MaCES
100 1# - ENCABEZAMIENTO PRINCIPAL--NOMBRE PERSONAL
9 (RLIN) 36026
Nombre de persona Martínez Egaña, Daniel
245 13 - MENCIÓN DE TÍTULO
Título El federalismo en Alemania
Resto del título : su reparto de los recursos públicos
Mención de responsabilidad, etc. Daniel Martínez Egaña
504 ## - NOTA DE BIBLIOGRAFÍA, ETC.
Nota de bibliografía, etc. Bibliografía: p. 62
650 #4 - ASIENTO SECUNDARIO DE MATERIA--TÉRMINO DE MATERIA
9 (RLIN) 26703
Término de materia o nombre geográfico como elemento inicial organización regional
650 #4 - ASIENTO SECUNDARIO DE MATERIA--TÉRMINO DE MATERIA
9 (RLIN) 31027
Término de materia o nombre geográfico como elemento inicial federalismo
650 #4 - ASIENTO SECUNDARIO DE MATERIA--TÉRMINO DE MATERIA
9 (RLIN) 26636
Término de materia o nombre geográfico como elemento inicial cooperación regional
650 #4 - ASIENTO SECUNDARIO DE MATERIA--TÉRMINO DE MATERIA
9 (RLIN) 27208
Término de materia o nombre geográfico como elemento inicial administración financiera
650 #4 - ASIENTO SECUNDARIO DE MATERIA--TÉRMINO DE MATERIA
9 (RLIN) 30685
Término de materia o nombre geográfico como elemento inicial sistema de reparto
650 #4 - ASIENTO SECUNDARIO DE MATERIA--TÉRMINO DE MATERIA
9 (RLIN) 29907
Término de materia o nombre geográfico como elemento inicial gobierno regional
650 #4 - ASIENTO SECUNDARIO DE MATERIA--TÉRMINO DE MATERIA
9 (RLIN) 28892
Término de materia o nombre geográfico como elemento inicial comparación
650 #4 - ASIENTO SECUNDARIO DE MATERIA--TÉRMINO DE MATERIA
9 (RLIN) 26944
Término de materia o nombre geográfico como elemento inicial Alemania
653 10 - TÉRMINO DE INDEXACIÓN--NO CONTROLADO
Término no controlado Administración-Instituciones públicas
773 0# - ENTRADA DE DOCUMENTO FUENTE
Itemnumber del ítem fuente 83338
Lugar, editor y fecha de publicación [Madrid (Juan Hurtado de Mendoza, 14, 28036)] [Fundación Fondo para la Investigación Económica y Social, Obra Social de la Confederación Española de Cajas de Ahorros]
Otro identificador del documento 086237
Título Cuadernos de información económica
Número de control del registro relacionado (ES-MaCES)25356
Parte(s) relacionada(s) n. 241 (jul.-ag. 2014) {10345 R. 086237} ;p. 53-62
902 ## - CES. TIPO DE DOCUMENTO
Tipodoc (006$c Sirtex) ART Artículo de revista
942 ## - ELEMENTOS KOHA
Fuente de clasificaión o esquema Clasificación propia del CES
Koha [por defecto] tipo de item Artículos (1982-2017)
Parte de clasificación Administración e Instituciones Públicas

No hay ítems disponibles.

© CES, Consejo Económico y Social de España 2021